000 00344nam a22001457a 4500
999 _c8153
_d8153
003 OSt
005 20200806112853.0
008 200806b ||||| |||| 00| 0 eng d
020 _a9789384207229
082 _a690.837
_bGAN
100 _d Gandotra, Veena
245 _aHousing for family living
260 _aIndia
_bDominant
_c2017
942 _2ddc